[Event "op Bad Woerishofen"]
[Site "?"]
[Date "1998.??.??"]
[Round "4"]
[White "Dautov, R."]
[Black "Arbakov, V."]
[Result "1/2-1/2"]
[WhiteElo "2600"]
[BlackElo "2445"]
[PlyCount "103"]
[EventDate "1998.??.??"]

1. d4 Nf6 2. Nf3 d5 3. c4 dxc4 4. e3 e6 5. Bxc4 c5 6. O-O a6 7. Bb3 Nc6 8. Qe2
Qc7 9. Nc3 Be7 10. dxc5 Bxc5 11. Bd2 O-O 12. Rac1 Ba7 13. h3 Rd8 14. Rfd1 Bd7
15. e4 Be8 16. e5 Nd7 17. Bg5 Rdc8 18. Bf4 Nf8 19. Ne4 Ng6 20. Bg3 Qe7 21. Nd6
Nd4 22. Nxd4 Rxc1 23. Rxc1 Bxd4 24. Rc4 Ba7 25. Qc2 Bc6 26. Ba4 Bxa4 27. Rxa4
h5 28. h4 Qd8 29. Qe2 b5 30. Re4 Qa5 31. a3 Rf8 32. Qxh5 Qd2 33. Qf3 f5 34.
exf6 Rxf6 35. Qe2 Bxf2+ 36. Bxf2 Qxd6 37. Rd4 Qc6 38. Rd8+ Kf7 39. Qd2 Nf4 40.
Be3 Nd5 41. Qe2 Rf5 42. Rh8 Qc7 43. Bg5 Nf4 44. Qg4 Ng6 45. Rd8 Qc2 46. Rd7+
Kg8 47. Be3 Qc6 48. Ra7 Qc4 49. Qxc4 bxc4 50. Rxa6 Re5 51. Bd4 Re4 52. Bc3
1/2-1/2

[Event "op Bad Woerishofen"]
[Site "?"]
[Date "1998.??.??"]
[Round "4"]
[White "Gabriel, C."]
[Black "Lewin, F."]
[Result "1/2-1/2"]
[WhiteElo "2555"]
[BlackElo "2465"]
[PlyCount "53"]
[EventDate "1998.??.??"]

1. c4 c5 2. Nc3 Nc6 3. g3 g6 4. Bg2 Bg7 5. e3 e5 6. Nge2 Nge7 7. O-O O-O 8. a3
d6 9. Rb1 Bf5 10. d3 Qd7 11. b4 Rab8 12. Ne4 cxb4 13. axb4 b5 14. cxb5 Rxb5 15.
Ba3 Nd5 16. Qa4 Rfb8 17. N4c3 Nxc3 18. Nxc3 Bxd3 19. Rfd1 Bxb1 20. Nxb5 Ne7 21.
Qxa7 Qxb5 22. Rxb1 Bf8 23. Rc1 d5 24. Qc7 Ra8 25. Bf1 Qe8 26. Bb2 Nf5 27. Qxe5
1/2-1/2

[Event "op Bad Woerishofen"]
[Site "?"]
[Date "1998.??.??"]
[Round "4"]
[White "Baklan, V."]
[Black "Schmittdiel, E."]
[Result "1-0"]
[WhiteElo "2540"]
[BlackElo "2460"]
[PlyCount "37"]
[EventDate "1998.??.??"]

1. e4 e6 2. d4 d5 3. Nc3 Nf6 4. Bg5 Be7 5. e5 Nfd7 6. Bxe7 Qxe7 7. f4 a6 8. Nf3
c5 9. dxc5 Nc6 10. Qd2 Nxc5 11. a3 f5 12. exf6 Qxf6 13. O-O-O O-O 14. g3 h6 15.
Bg2 b6 16. Rhe1 Bb7 17. Nd4 Rac8 18. Nxe6 Nxe6 19. Rxe6 1-0

[Event "op Bad Woerishofen"]
[Site "?"]
[Date "1998.??.??"]
[Round "4"]
[White "Slobodjan, R."]
[Black "Zude, A."]
[Result "1-0"]
[WhiteElo "2530"]
[BlackElo "2390"]
[PlyCount "73"]
[EventDate "1998.??.??"]

1. e4 e6 2. d4 d5 3. Nc3 Bb4 4. e5 c5 5. a3 Bxc3+ 6. bxc3 Ne7 7. Nf3 Bd7 8. a4
Qa5 9. Bd2 Nbc6 10. Be2 f6 11. c4 Qc7 12. cxd5 Nxd5 13. c4 Nde7 14. exf6 gxf6
15. d5 exd5 16. cxd5 Nxd5 17. Qc2 O-O-O 18. O-O Rhe8 19. Rfe1 Bg4 20. Qc4 h5
21. Rac1 Kb8 22. Qxc5 Nf4 23. Bxf4 Qxf4 24. Rb1 Rxe2 25. Rxe2 Bxf3 26. Re3 Rg8
27. g3 h4 28. Re8+ Rxe8 29. gxf4 Be4 30. Qd6+ Kc8 31. Rb3 Rg8+ 32. Kf1 Bg2+ 33.
Ke1 Rd8 34. Qe6+ Kb8 35. Qxf6 h3 36. f3 Rd7 37. Qxc6 1-0

[Event "op Bad Woerishofen"]
[Site "?"]
[Date "1998.??.??"]
[Round "4"]
[White "Nikolac, J."]
[Black "Epishin, V."]
[Result "1-0"]
[WhiteElo "2435"]
[BlackElo "2590"]
[PlyCount "112"]
[EventDate "1998.??.??"]

1. Nf3 g6 2. d4 Bg7 3. e4 d6 4. Bc4 c5 5. dxc5 Qa5+ 6. c3 Qxc5 7. Qb3 e6 8. Be3
Qc7 9. Na3 Bd7 10. O-O Nf6 11. Nb5 Bxb5 12. Bxb5+ Nc6 13. Rfe1 O-O 14. Bf4 Nh5
15. Be3 Nf6 16. Bf4 Rfd8 17. Rad1 a6 18. Bf1 Ng4 19. Bg3 h6 20. a4 Rac8 21. Rd2
Bf8 22. Red1 Nf6 23. Qc2 Nh5 24. Nd4 Nxg3 25. hxg3 Ne5 26. Qb3 Kh8 27. Be2 Rd7
28. Nc2 Qc5 29. Rd4 h5 30. Kf1 Nc6 31. R4d2 Bh6 32. Rd3 Rcd8 33. Na3 Ne5 34.
Rd4 Bg7 35. R4d2 d5 36. exd5 exd5 37. Bf3 Nxf3 38. gxf3 f5 39. Nc2 f4 40. Qb4
Qxb4 41. Nxb4 d4 42. Kg2 Kg8 43. g4 Rc8 44. Nc2 hxg4 45. Nxd4 gxf3+ 46. Kxf3
Rc4 47. Ne6 Rxd2 48. Rxd2 Bf6 49. Rd7 Rxa4 50. Rxb7 Be5 51. Nc5 Ra5 52. Nd3 g5
53. b4 Rd5 54. Ke4 Rxd3 55. Kxd3 g4 56. Re7 Bf6 1-0

[Event "op Bad Woerishofen"]
[Site "?"]
[Date "1998.??.??"]
[Round "4"]
[White "Espig, L."]
[Black "Korneev, O."]
[Result "0-1"]
[WhiteElo "2405"]
[BlackElo "2560"]
[PlyCount "106"]
[EventDate "1998.??.??"]

1. Nf3 d5 2. c4 d4 3. e3 Nc6 4. exd4 Nxd4 5. Nxd4 Qxd4 6. d3 c6 7. Nc3 Nh6 8.
Be3 Qd6 9. Ne4 Qg6 10. f3 Nf5 11. Bf2 e5 12. Qd2 Be7 13. O-O-O O-O 14. h4 Rd8
15. g4 Nd4 16. Qe3 f5 17. gxf5 Bxf5 18. Ng3 Re8 19. Nxf5 Qxf5 20. Bg2 Bc5 21.
Qe4 Qxe4 22. dxe4 h5 23. b4 Ne2+ 24. Kd2 Bxf2 25. Kxe2 Bd4 26. f4 a5 27. b5
cxb5 28. cxb5 Rac8 29. fxe5 Bxe5 30. Rc1 g6 31. Bh3 Rcd8 32. Rhd1 Kg7 33. Rxd8
Rxd8 34. b6 Rd4 35. Rc7+ Kf6 36. Rxb7 Rxe4+ 37. Kd3 Rxh4 38. Bg2 Rd4+ 39. Ke3
Rb4 40. Be4 Bd4+ 41. Kd3 Bxb6 42. Rd7 Ke6 43. Rg7 Rd4+ 44. Kc3 Rxe4 45. Rxg6+
Kf5 46. Rxb6 h4 47. Ra6 Re3+ 48. Kc2 Re5 49. Kd3 h3 50. Ra8 Kg4 51. Rg8+ Rg5
52. Rh8 Rh5 53. Rg8+ Kh4 0-1

[Event "op Bad Woerishofen"]
[Site "?"]
[Date "1998.??.??"]
[Round "4"]
[White "Klein, M."]
[Black "Ortega, L."]
[Result "0-1"]
[WhiteElo "2265"]
[BlackElo "2475"]
[PlyCount "70"]
[EventDate "1998.??.??"]

1. e4 c5 2. Nf3 d6 3. d4 cxd4 4. Nxd4 Nf6 5. Nc3 a6 6. Bg5 e6 7. f4 Nbd7 8. Qf3
Qc7 9. O-O-O b5 10. Bd3 Bb7 11. Rhe1 O-O-O 12. a3 Be7 13. Bh4 Nc5 14. Bf2 d5
15. e5 Nfe4 16. Bxe4 Nxe4 17. Nxe4 dxe4 18. Qe2 Rd7 19. Nb3 Rhd8 20. Rxd7 Rxd7
21. Kb1 Bd5 22. Nd2 Qc6 23. c4 bxc4 24. Nxe4 Rb7 25. Qe3 Rb3 26. Nc3 Bxa3 27.
Re2 Qb7 28. Qc1 Bc6 29. g4 Bb4 30. Be1 Bxc3 31. Bxc3 Be4+ 32. Rxe4 Qxe4+ 33.
Ka2 Rb5 34. Qd1 Qc6 35. f5 Rd5 0-1

[Event "op Bad Woerishofen"]
[Site "?"]
[Date "1998.??.??"]
[Round "4"]
[White "Teske, H."]
[Black "Dittmar, P."]
[Result "1-0"]
[WhiteElo "2475"]
[BlackElo "2340"]
[PlyCount "111"]
[EventDate "1998.??.??"]

1. Nf3 d5 2. c4 e6 3. d4 c5 4. cxd5 exd5 5. g3 Nf6 6. Bg2 Nc6 7. O-O Be7 8.
dxc5 Bxc5 9. Nc3 O-O 10. Na4 Be7 11. Be3 Bg4 12. h3 Bh5 13. Rc1 Re8 14. Nc5
Bxc5 15. Bxc5 Ne4 16. Ba3 Qa5 17. g4 Bg6 18. e3 Rad8 19. Nd4 Qb6 20. Re1 f6 21.
Qa4 Ne5 22. Red1 Nc4 23. Qb5 Nxa3 24. Qxb6 axb6 25. bxa3 Rd7 26. Nb5 Ra8 27.
Nc3 Nxc3 28. Rxc3 Ra5 29. Rd4 Bb1 30. Rd2 Bg6 31. Rb2 Rc5 32. Rcb3 Rc1+ 33. Kh2
Be4 34. f3 Bg6 35. Kg3 Re7 36. Kf2 Rec7 37. Rxb6 R1c2+ 38. Kg3 Rxb2 39. Rxb2
Rc3 40. Rb3 Rc2 41. Rxb7 Rxa2 42. Rb3 h5 43. h4 Bf7 44. Rd3 hxg4 45. fxg4 Kh7
46. Bf3 Ra1 47. Kf4 Rf1 48. Rd1 Rf2 49. Ra1 d4 50. a4 Bd5 51. e4 Bc4 52. Kg3
Rc2 53. a5 Ba6 54. e5 Rc3 55. exf6 Be2 56. Kf2 1-0

[Event "op Bad Woerishofen"]
[Site "?"]
[Date "1998.??.??"]
[Round "4"]
[White "Solonar, S."]
[Black "Boog, F."]
[Result "1-0"]
[WhiteElo "2300"]
[BlackElo "2160"]
[PlyCount "71"]
[EventDate "1998.??.??"]

1. c4 e5 2. Nc3 Nf6 3. Nf3 Nc6 4. g3 Bb4 5. Bg2 O-O 6. O-O Re8 7. Nd5 Bc5 8. d3
h6 9. Nd2 Nxd5 10. cxd5 Nb8 11. Ne4 Bf8 12. d4 d6 13. Be3 Na6 14. Rc1 f5 15.
Nc3 g5 16. Qd3 Bg7 17. dxe5 dxe5 18. Rfd1 f4 19. Bd2 Rf8 20. Ne4 Kh8 21. b4 Bf5
22. b5 Nb8 23. Qc4 a6 24. Bb4 axb5 25. Qxb5 Rf7 26. Qxb7 Na6 27. d6 Qb8 28. Qd5
Rd7 29. Bc3 cxd6 30. Nxd6 Nc7 31. Qc5 Ne6 32. Qc6 Nd4 33. Rxd4 exd4 34. Nxf5
Raa7 35. Bxd4 Bxd4 36. Nxd4 1-0

[Event "op Bad Woerishofen"]
[Site "?"]
[Date "1998.??.??"]
[Round "5"]
[White "Giorgadze, G."]
[Black "Teske, H."]
[Result "1/2-1/2"]
[WhiteElo "2605"]
[BlackElo "2475"]
[PlyCount "66"]
[EventDate "1998.??.??"]

1. d4 e6 2. c4 b6 3. Nc3 Bb7 4. e3 f5 5. Nh3 Nf6 6. f3 Bb4 7. Bd2 O-O 8. Be2
Qe7 9. O-O d6 10. Nb5 Bxd2 11. Qxd2 a6 12. Nc3 Nbd7 13. b4 c5 14. Rab1 Rac8 15.
a3 cxd4 16. Qxd4 Rfd8 17. Rfd1 Ne8 18. Rbc1 Rb8 19. Nf2 Ne5 20. e4 fxe4 21.
Ncxe4 Nf7 22. Nc3 Nf6 23. Qe3 Kf8 24. Re1 Bc8 25. Bd1 Re8 26. Bb3 Qb7 27. Qf4
e5 28. Qd2 Rd8 29. Rcd1 b5 30. Nfe4 bxc4 31. Bxc4 d5 32. Nc5 dxc4 33. Qxd8+
Nxd8 1/2-1/2

[Event "op Bad Woerishofen"]
[Site "?"]
[Date "1998.??.??"]
[Round "5"]
[White "Ortega, L."]
[Black "Dautov, R."]
[Result "1/2-1/2"]
[WhiteElo "2475"]
[BlackElo "2600"]
[PlyCount "124"]
[EventDate "1998.??.??"]

1. d4 Nf6 2. Nf3 e6 3. Bf4 b6 4. e3 Bb7 5. Nbd2 Be7 6. c3 Nh5 7. Bg3 d6 8. Bb5+
Nd7 9. Ne5 Nxg3 10. Bxd7+ Kf8 11. Bc6 dxe5 12. Bxb7 Nxh1 13. Qf3 Rb8 14. Nc4
exd4 15. Ne5 Bf6 16. Nc6 Qe8 17. Nxb8 Nxf2 18. exd4 Qxb8 19. Kxf2 c5 20. dxc5
bxc5 21. g3 Ke7 22. Rd1 Rd8 23. Rxd8 Qxd8 24. Qe2 Qb6 25. Be4 g6 26. Qd2 Bg7
27. Kg2 f5 28. Bf3 Qd6 29. Qg5+ Kf7 30. Qe3 a5 31. a4 Bf6 32. Qh6 Kg8 33. Qe3
Kg7 34. Be2 Qd5+ 35. Bf3 Qb3 36. Qe2 e5 37. Bc6 e4 38. Qd2 Qe6 39. Bb5 Be7 40.
Kf2 g5 41. Bd7 Qe5 42. Ke1 Kf6 43. g4 fxg4 44. Bxg4 Bd6 45. h3 Qg3+ 46. Kd1 Qe5
47. Qe2 Qd5+ 48. Kc2 c4 49. Qf2+ Kg6 50. Qd4 Qxd4 51. cxd4 h5 52. Be2 Bb4 53.
Bxc4 Kf5 54. Kd1 g4 55. hxg4+ Kxg4 56. Ke2 Kf4 57. Be6 h4 58. Bc8 Be7 59. d5
Bd6 60. Bd7 Bc5 61. Bc8 Kg3 62. Bf5 Kf4 1/2-1/2

[Event "op Bad Woerishofen"]
[Site "?"]
[Date "1998.??.??"]
[Round "5"]
[White "Bischoff, K."]
[Black "Foisor, O."]
[Result "1-0"]
[WhiteElo "2545"]
[BlackElo "2440"]
[PlyCount "65"]
[EventDate "1998.??.??"]

1. d4 Nf6 2. Nf3 e6 3. g3 b5 4. Bg2 Bb7 5. O-O c5 6. c3 Na6 7. Bg5 Be7 8. Nbd2
O-O 9. e3 h6 10. Bxf6 Bxf6 11. Qe2 Rb8 12. Rfc1 b4 13. Nb3 Qb6 14. Nfd2 d5 15.
c4 Rfc8 16. cxd5 exd5 17. dxc5 Nxc5 18. Nxc5 Rxc5 19. Rxc5 Qxc5 20. Nb3 Qb6 21.
Rd1 Rd8 22. Rd2 g6 23. Qd1 Kg7 24. h4 h5 25. Nd4 Qa5 26. Qb3 Rc8 27. Ne2 Rc5
28. Nf4 Rc1+ 29. Kh2 Ra1 30. Nxd5 Qxa2 31. Qxb4 Bxd5 32. Bxd5 Qa5 33. Qb7 1-0

[Event "op Bad Woerishofen"]
[Site "?"]
[Date "1998.??.??"]
[Round "5"]
[White "Lewin, F."]
[Black "Miezis, N."]
[Result "1-0"]
[WhiteElo "2465"]
[BlackElo "2505"]
[PlyCount "71"]
[EventDate "1998.??.??"]

1. Nf3 c5 2. c4 Nf6 3. Nc3 d5 4. cxd5 Nxd5 5. d4 cxd4 6. Qxd4 Nxc3 7. Qxc3 Bf5
8. Be3 Nc6 9. Rd1 Qa5 10. Qxa5 Nxa5 11. Rd5 e6 12. Rxa5 Bb4+ 13. Bd2 Bxa5 14.
Bxa5 Rc8 15. Bc3 O-O 16. e3 Bb1 17. a3 f6 18. Nd2 Bc2 19. Bc4 Kf7 20. Bb3 Bd3
21. f4 Rfd8 22. e4 Ke7 23. Kf2 Bc2 24. Rc1 Bxb3 25. Nxb3 h6 26. Ke3 Kf7 27. g4
h5 28. g5 Rd7 29. Rg1 b6 30. Nd4 a5 31. Rg3 Rcd8 32. g6+ Kg8 33. Nxe6 Rd3+ 34.
Ke2 Rxg3 35. hxg3 Rd6 36. f5 1-0

[Event "op Bad Woerishofen"]
[Site "?"]
[Date "1998.??.??"]
[Round "5"]
[White "Wells, P."]
[Black "Nikolac, J."]
[Result "0-1"]
[WhiteElo "2530"]
[BlackElo "2435"]
[PlyCount "66"]
[EventDate "1998.??.??"]

1. d4 Nf6 2. c4 e6 3. Nf3 d5 4. g3 Bb4+ 5. Bd2 Be7 6. Bg2 O-O 7. O-O Nbd7 8.
Qc2 c6 9. b3 b6 10. Rd1 Ba6 11. a4 Rc8 12. Na3 Bxa3 13. Rxa3 c5 14. dxc5 Nxc5
15. Bf4 Qe7 16. Raa1 Rfd8 17. Ne5 Ncd7 18. Qc3 Nxe5 19. Bxe5 dxc4 20. b4 Rxd1+
21. Rxd1 Ne8 22. Qf3 f6 23. Bc3 b5 24. a5 Rc7 25. Qa8 Rc8 26. Qe4 Rc7 27. Qa8
Kf7 28. Rd8 Nd6 29. Qb8 Rc8 30. Qxd6 Rxd8 31. Qxa6 Rd1+ 32. Bf1 Qd7 33. Kg2 Rd6
0-1

[Event "op Bad Woerishofen"]
[Site "?"]
[Date "1998.??.??"]
[Round "5"]
[White "Bocksberger, S."]
[Black "Timoshchenko, G."]
[Result "0-1"]
[WhiteElo "2305"]
[BlackElo "2520"]
[PlyCount "90"]
[EventDate "1998.??.??"]

1. f4 d5 2. b3 Nf6 3. Bb2 g6 4. Nf3 Bg7 5. e3 O-O 6. Be2 b6 7. O-O Bb7 8. Qe1
c5 9. Qh4 e6 10. Ne5 Nfd7 11. Qxd8 Rxd8 12. Na3 a6 13. Rab1 Nxe5 14. fxe5 b5
15. Rbe1 d4 16. exd4 cxd4 17. Bf3 Bxf3 18. gxf3 Nc6 19. f4 Bf8 20. d3 Nb4 21.
Ra1 Rac8 22. Rf2 Rc6 23. Kg2 Nd5 24. Kf3 Rdc8 25. Rc1 Nb4 26. Ra1 Nd5 27. Rc1
Bc5 28. Ra1 Bxa3 29. Bxa3 Rxc2 30. Rxc2 Rxc2 31. Rc1 Rxc1 32. Bxc1 Nc3 33. a3
f5 34. b4 Kf7 35. Bd2 Nb1 36. Bc1 Ke7 37. h4 Kd7 38. h5 gxh5 39. Kg3 Kc6 40.
Kh4 Nc3 41. Kxh5 Nd1 42. Kh6 Nf2 43. Kxh7 Nxd3 44. Bd2 Nb2 45. Kg6 Nc4 0-1

[Event "op Bad Woerishofen"]
[Site "?"]
[Date "1998.??.??"]
[Round "5"]
[White "Wornath, K."]
[Black "Paehtz, T."]
[Result "1-0"]
[WhiteElo "2260"]
[BlackElo "2470"]
[PlyCount "71"]
[EventDate "1998.??.??"]

1. d4 Nf6 2. c4 c5 3. d5 e5 4. Nc3 d6 5. e4 Be7 6. g3 Na6 7. Bg2 O-O 8. Nge2
Nc7 9. O-O a6 10. a4 b6 11. f4 Rb8 12. Qd3 Nfe8 13. Be3 Bd7 14. Rab1 g6 15. b4
f5 16. bxc5 bxc5 17. Rxb8 Qxb8 18. Rb1 Qd8 19. fxe5 dxe5 20. Nc1 f4 21. Bf2
fxg3 22. Qxg3 Nf6 23. Bf3 Nce8 24. Qxe5 Nd6 25. Qg3 Nxc4 26. e5 Nd2 27. d6 Bxd6
28. exd6 Qa5 29. N1e2 Nxb1 30. Nxb1 Qxa4 31. Nbc3 Qa1+ 32. Kg2 a5 33. Bxc5 Be6
34. d7 Nh5 35. d8=Q Rxd8 36. Bxh5 1-0

[Event "op Bad Woerishofen"]
[Site "?"]
[Date "1998.??.??"]
[Round "6"]
[White "Lerner, K."]
[Black "Slobodjan, R."]
[Result "1/2-1/2"]
[WhiteElo "2575"]
[BlackElo "2530"]
[PlyCount "127"]
[EventDate "1998.??.??"]

1. c4 e5 2. g3 c6 3. d4 Bb4+ 4. Bd2 Bxd2+ 5. Qxd2 d6 6. Nc3 Nf6 7. Nf3 e4 8.
Ng5 d5 9. cxd5 cxd5 10. f3 h6 11. Nh3 O-O 12. Nf2 exf3 13. exf3 Nc6 14. Be2 Bf5
15. O-O Qd6 16. Rfe1 Rae8 17. Bb5 Rxe1+ 18. Rxe1 Nd8 19. Nfd1 Bd7 20. Bf1 Ne6
21. Ne3 Ng5 22. Bg2 Re8 23. Kf2 Bc6 24. h4 Ne6 25. a3 Nc7 26. Nf5 Qd8 27. Rxe8+
Nfxe8 28. Qd3 a6 29. Qe3 Nd6 30. Nxd6 Qxd6 31. Bf1 Kf8 32. Bd3 Qe7 33. Qf4 Ne6
34. Qb8+ Qd8 35. Qxd8+ Nxd8 36. Bf5 Ke7 37. Bc8 Kd6 38. b4 Kc7 39. Bf5 b6 40.
f4 Bb7 41. Ke3 Kd6 42. g4 Nc6 43. g5 Ne7 44. Bg4 f6 45. Ne2 fxg5 46. fxg5 hxg5
47. hxg5 Bc8 48. Bf3 Bf5 49. Ng3 Bg6 50. Bg4 a5 51. bxa5 bxa5 52. Kd2 Kc6 53.
Kc3 Kc7 54. Ne2 Bf5 55. Bf3 Kd6 56. Nc1 Kc6 57. Nb3 Kb6 58. Nc5 Kc6 59. Kd2 Bc8
60. Bd1 Nf5 61. Kd3 Nd6 62. Ba4+ Kc7 63. Bb3 Kc6 64. Ba4+ 1/2-1/2

[Event "op Bad Woerishofen"]
[Site "?"]
[Date "1998.??.??"]
[Round "6"]
[White "Eingorn, V."]
[Black "Schmittdiel, E."]
[Result "1-0"]
[WhiteElo "2605"]
[BlackElo "2460"]
[PlyCount "27"]
[EventDate "1998.??.??"]

1. Nf3 c5 2. c4 Nc6 3. Nc3 g6 4. e3 Bg7 5. d4 cxd4 6. exd4 Nf6 7. d5 Nb8 8. Be2
O-O 9. O-O d6 10. Nd4 Nbd7 11. Be3 Nc5 12. f3 e5 13. dxe6 fxe6 14. Ndb5 1-0

[Event "op Bad Woerishofen"]
[Site "?"]
[Date "1998.??.??"]
[Round "6"]
[White "Dautov, R."]
[Black "Proehl, H."]
[Result "1-0"]
[WhiteElo "2600"]
[BlackElo "2395"]
[PlyCount "103"]
[EventDate "1998.??.??"]

1. d4 d5 2. c4 e6 3. Nc3 Nf6 4. cxd5 exd5 5. Bg5 Be7 6. e3 Nbd7 7. Bd3 O-O 8.
Nf3 c6 9. Qc2 Re8 10. h3 Nf8 11. Bf4 Bd6 12. Bxd6 Qxd6 13. O-O-O Be6 14. g4
Rac8 15. Kb1 b5 16. Nd2 a6 17. Nb3 N6d7 18. Ne2 c5 19. dxc5 Nxc5 20. Nxc5 Rxc5
21. Qd2 Bc8 22. Rc1 Rxc1+ 23. Rxc1 Bb7 24. Nd4 g6 25. Qa5 Rc8 26. Rxc8 Bxc8 27.
Qc3 Bb7 28. f4 Nd7 29. g5 Qc5 30. Qa5 Qb6 31. Qd2 Nc5 32. Bc2 Ne6 33. Nf3 Ng7
34. Ne5 Ne6 35. Nd7 Qd6 36. Nf6+ Kf8 37. Bb3 Ke7 38. Bxd5 Bxd5 39. Qxd5 Qc7 40.
Nxh7 Qa5 41. Qd1 b4 42. Nf6 Qf5+ 43. e4 Qb5 44. Qd5 Nc5 45. Qe5+ Kd8 46. Qd6+
Kc8 47. Qf8+ Kb7 48. Qxf7+ Kc8 49. Qe8+ Qxe8 50. Nxe8 Nxe4 51. Kc2 Kd7 52. Nf6+
1-0

[Event "op Bad Woerishofen"]
[Site "?"]
[Date "1998.??.??"]
[Round "6"]
[White "Timoshchenko, G."]
[Black "Pirrot, D."]
[Result "1-0"]
[WhiteElo "2520"]
[BlackElo "2390"]
[PlyCount "91"]
[EventDate "1998.??.??"]

1. Nf3 Nc6 2. d4 d5 3. Bf4 Bg4 4. e3 e6 5. Bb5 Bd6 6. Bg3 Nge7 7. c4 a6 8.
Bxc6+ Nxc6 9. cxd5 exd5 10. Nbd2 Bb4 11. Rc1 Bxd2+ 12. Qxd2 Bxf3 13. gxf3 Qf6
14. Ke2 O-O 15. Rc5 Rad8 16. Bxc7 Rd7 17. Bg3 Re8 18. Rd1 h5 19. h4 Ne7 20. Qc3
Nf5 21. Rc8 Rde7 22. Be5 Qxh4 23. Qc5 Qh3 24. Rxe8+ Rxe8 25. Qxd5 Qg2 26. Rc1
h4 27. Rc7 Qg6 28. e4 Nh6 29. Qd7 Rf8 30. Rc8 Rxc8 31. Qxc8+ Kh7 32. d5 Qb6 33.
Kf1 f6 34. Bc3 Nf7 35. Qf5+ Kg8 36. Qh5 Ng5 37. Qxh4 Nxf3 38. Qh3 Qb5+ 39. Kg2
Ng5 40. Qc8+ Kh7 41. Qf5+ Kg8 42. Bd2 Nf7 43. b3 Qe8 44. Bf4 Qe7 45. Qc8+ Kh7
46. Qe6 1-0

[Event "op Bad Woerishofen"]
[Site "?"]
[Date "1998.??.??"]
[Round "6"]
[White "Zude, A."]
[Black "Kupreichik, V."]
[Result "1/2-1/2"]
[WhiteElo "2390"]
[BlackElo "2505"]
[PlyCount "81"]
[EventDate "1998.??.??"]

1. e4 c5 2. Nf3 d6 3. d4 cxd4 4. Nxd4 Nf6 5. Nc3 Bd7 6. Bg5 e6 7. Qd2 a6 8.
O-O-O h6 9. Be3 Ng4 10. f4 Nxe3 11. Qxe3 Be7 12. Kb1 Qb6 13. Qg3 O-O 14. Bc4
Nc6 15. Nf3 Na5 16. Bb3 Nxb3 17. cxb3 Rfd8 18. f5 Rac8 19. fxe6 Bxe6 20. Nd5
Bxd5 21. Rxd5 Bf6 22. Rhd1 Qe3 23. Nd2 Qxg3 24. hxg3 Kf8 25. Nc4 Be7 26. a4 Rc5
27. g4 Re8 28. Na5 Rc7 29. Nc4 g6 30. a5 Kg7 31. R1d4 Rc6 32. Ka2 Bf8 33. b4
Re6 34. b5 axb5 35. Rxb5 Rc7 36. Rb6 Be7 37. Nxd6 Rc2 38. Nxb7 Rxb6 39. axb6
Rc6 40. Rd7 Kf8 41. e5 1/2-1/2

[Event "op Bad Woerishofen"]
[Site "?"]
[Date "1998.??.??"]
[Round "6"]
[White "Wornath, K."]
[Black "Ortega, L."]
[Result "0-1"]
[WhiteElo "2260"]
[BlackElo "2475"]
[PlyCount "130"]
[EventDate "1998.??.??"]

1. d4 d5 2. c4 e6 3. Nc3 c6 4. e3 Nf6 5. Nf3 Nbd7 6. Bd3 dxc4 7. Bxc4 b5 8. Be2
Bb7 9. O-O b4 10. Na4 Be7 11. Bd2 O-O 12. Qb3 Rb8 13. Rac1 a5 14. Rfd1 Ne4 15.
Be1 c5 16. dxc5 Qc7 17. c6 Bxc6 18. Nd4 Ndc5 19. Nxc5 Nxc5 20. Qc2 Ba8 21. f3
Rbc8 22. Bg3 Qb6 23. Bf2 g6 24. Nb3 Nxb3 25. Qxb3 Bc5 26. Bc4 Rfd8 27. Rd3 Rxd3
28. Qxd3 Rd8 29. Qe2 Bd5 30. Bxd5 Rxd5 31. Re1 Qd6 32. Qf1 Rd2 33. Re2 Rd1 34.
Re1 Rd2 35. Re2 Qd3 36. Rxd2 Qxd2 37. h3 Bxe3 38. Bxe3 Qxe3+ 39. Kh1 Qd2 40.
Qb5 Qd1+ 41. Kh2 Qd5 42. Qb8+ Kg7 43. b3 h5 44. Qc7 Kf6 45. Kh1 Qe5 46. Qd8+
Kg7 47. Qd2 Qc3 48. Qf2 Qc1+ 49. Kh2 Qf4+ 50. g3 Qe5 51. f4 Qc3 52. h4 Kf6 53.
Qe2 Kf5 54. Kh3 Qd4 55. Kh2 Qe4 56. Qd1 Qe3 57. Kh3 Ke4 58. Qc2+ Qd3 59. Qc6+
Ke3 60. Qc5+ Kf3 61. Qc6+ Kf2 62. Qc5+ Ke2 63. Qc1 e5 64. Qb2+ Kd1 65. Qa1+ Kc2
0-1

[Event "op Bad Woerishofen"]
[Site "?"]
[Date "1998.??.??"]
[Round "6"]
[White "Gabriel, C."]
[Black "Stoll, F."]
[Result "1-0"]
[WhiteElo "2555"]
[BlackElo "2275"]
[PlyCount "53"]
[EventDate "1998.??.??"]

1. c4 f5 2. g3 Nf6 3. Bg2 g6 4. d4 Bg7 5. Qb3 Nc6 6. Nd2 d5 7. Ndf3 e6 8. Nh3
a5 9. a4 O-O 10. Nf4 Ne4 11. h4 Qf6 12. Nd3 h6 13. Bf4 Rf7 14. Qc2 b6 15. Qc1
Ba6 16. Nde5 Nxe5 17. Nxe5 g5 18. hxg5 hxg5 19. Bxe4 gxf4 20. Bf3 fxg3 21. Nxf7
gxf2+ 22. Kxf2 Qxf7 23. Qg5 Kf8 24. Rag1 Bf6 25. Qf4 Rd8 26. Rh6 Rd6 27. Bh5
1-0

[Event "op Bad Woerishofen"]
[Site "?"]
[Date "1998.??.??"]
[Round "6"]
[White "Miezis, N."]
[Black "Roeder, F."]
[Result "1/2-1/2"]
[WhiteElo "2505"]
[BlackElo "2265"]
[PlyCount "124"]
[EventDate "1998.??.??"]

1. c4 c6 2. e4 d5 3. exd5 cxd5 4. cxd5 Nf6 5. Bb5+ Bd7 6. Bc4 b5 7. Bb3 Bg4 8.
f3 Bc8 9. Nc3 b4 10. Ne4 Nxd5 11. d4 e6 12. Bg5 Be7 13. Rc1 O-O 14. Bxe7 Qxe7
15. Qd2 Nd7 16. Ne2 N7b6 17. O-O a5 18. Nc5 Bd7 19. Rfe1 Bb5 20. Ng3 a4 21.
Bxd5 Nxd5 22. Re5 Rfd8 23. Rce1 a3 24. b3 Rab8 25. f4 Qh4 26. f5 Qf4 27. Rd1
Qxd2 28. Rxd2 exf5 29. Nxf5 Kf8 30. Rf2 Rb6 31. h3 g6 32. Nh6 Nf6 33. g4 Be8
34. g5 Kg7 35. Re7 Ng8 36. Nxg8 Kxg8 37. Ne4 Kf8 38. Ra7 Rxd4 39. Nf6 Re6 40.
Ra8 Rh4 41. Kg2 h6 42. Rc2 hxg5 43. Rcc8 Rd4 44. Rxe8+ Rxe8 45. Rxe8+ Kg7 46.
Ne4 f5 47. Ng3 Rd2+ 48. Re2 Rb2 49. Kf2 Kf6 50. Nf1 g4 51. hxg4 fxg4 52. Rd2
Kg5 53. Kg3 Kf5 54. Ne3+ Ke4 55. Rxb2 axb2 56. Nc4 b1=N 57. Kxg4 Kd3 58. Kg5
Nd2 59. Na5 Kc3 60. Kxg6 Kb2 61. Nc6 Kxa2 62. Nxb4+ Kxb3 1/2-1/2

[Event "op Bad Woerishofen"]
[Site "?"]
[Date "1998.??.??"]
[Round "6"]
[White "Paehtz, T."]
[Black "Zyla, W."]
[Result "1-0"]
[WhiteElo "2470"]
[BlackElo "2185"]
[PlyCount "49"]
[EventDate "1998.??.??"]

1. e4 g6 2. d4 Bg7 3. Nc3 c6 4. Bc4 d6 5. Qf3 e6 6. Be3 Qe7 7. Nge2 Nd7 8. g4
e5 9. d5 Ndf6 10. g5 Nh5 11. a4 a5 12. h4 f5 13. Ng3 fxe4 14. Ncxe4 Nf4 15.
O-O-O c5 16. Bxc5 dxc5 17. d6 Qd8 18. d7+ Bxd7 19. Rxd7 Kxd7 20. Rd1+ Kc7 21.
Rxd8 Rxd8 22. Nxc5 Rb8 23. Ne2 Kd6 24. Nxf4 exf4 25. Qd5+ 1-0

[Event "op Bad Woerishofen"]
[Site "?"]
[Date "1998.??.??"]
[Round "6"]
[White "Lieb, H."]
[Black "Maugg, L."]
[Result "0-1"]
[WhiteElo "2225"]
[BlackElo "2145"]
[PlyCount "46"]
[EventDate "1998.??.??"]

1. d4 Nf6 2. c4 c5 3. d5 b5 4. cxb5 a6 5. Nc3 axb5 6. e4 b4 7. Nb5 d6 8. Bf4 g5
9. Bxg5 Nxe4 10. Bf4 Qa5 11. Bc4 Bg7 12. Qe2 f5 13. f3 b3+ 14. Kf1 Qxa2 15. Re1
O-O 16. fxe4 fxe4 17. g3 Bxb2 18. Kg2 Bg7 19. Nh3 Bg4 20. Qxa2 Bf3+ 21. Kf2
bxa2 22. Bxa2 Rxa2+ 23. Ke3 Bxh1 0-1

[Event "op Bad Woerishofen"]
[Site "?"]
[Date "1998.??.??"]
[Round "7"]
[White "Slobodjan, R."]
[Black "Dautov, R."]
[Result "0-1"]
[WhiteElo "2530"]
[BlackElo "2600"]
[PlyCount "157"]
[EventDate "1998.??.??"]

1. e4 c6 2. d4 d5 3. exd5 cxd5 4. c4 Nf6 5. Nc3 e6 6. Nf3 Bb4 7. cxd5 Nxd5 8.
Bd2 Nc6 9. Bd3 Be7 10. Nxd5 Qxd5 11. O-O O-O 12. Bc3 Rd8 13. Qe2 Bd7 14. Rfd1
Be8 15. Ne5 Nxe5 16. dxe5 Qc6 17. Be4 Qb6 18. Qe1 Bc5 19. Rac1 Bc6 20. Bxc6
bxc6 21. Rxd8+ Rxd8 22. Qe2 Rd5 23. h3 Qd8 24. Qg4 g6 25. Qa4 Qg5 26. Rf1 Qf5
27. Qc4 Qc2 28. Qg4 h5 29. Qf3 Bb6 30. Kh2 h4 31. Kg1 Qa4 32. Qg4 Qxg4 33. hxg4
Rd8 34. Kh2 g5 35. a4 Kg7 36. a5 Bc5 37. f4 gxf4 38. Rxf4 Be7 39. Rc4 c5 40. b4
cxb4 41. Bxb4 Bg5 42. Re4 Rd5 43. Be1 Rd3 44. Bf2 a6 45. Be1 Kg6 46. Bf2 Rd2
47. Be1 Ra2 48. Kg1 Bd8 49. Kh2 Kg5 50. Bb4 Kg6 51. Be1 Ra1 52. Bc3 Rc1 53. Be1
Rc5 54. Kh3 Bc7 55. Bxh4 Bxe5 56. Be1 Bc7 57. Ra4 Rc1 58. Re4 Ra1 59. g3 Bxa5
60. Bf2 Ra2 61. Bd4 Bc7 62. Re3 Rd2 63. Bc3 Rd5 64. Rf3 Be5 65. Bxe5 Rxe5 66.
Ra3 a5 67. Kg2 Kg5 68. Kf3 Rb5 69. Ra4 f6 70. Ra3 e5 71. Ra4 Rc5 72. Ra3 e4+
73. Kxe4 Kxg4 74. Ke3 Rf5 75. Ke4 Re5+ 76. Kd4 Rb5 77. Ke4 Rb4+ 78. Kd5 a4 79.
Ke6 0-1